000 00570nam a2200229Ia 4500
003 OSt
005 20220918174659.0
006 a|||||r|||| 00| 0
007 ta
008 220917b |||||||| |||| 00| 0 eng d
024 _a13,597
037 _cTextual
040 _aARTS
_cARTS
_beng
041 _2eng
_aeng
082 _a/\22, L7
100 _aKaranjia R K
_951353
245 0 _aKundalini yoga
260 _aNew Delhi
_bArnold Henemann
_c1977
650 _aSPIRITUALISM
942 _h/\22, L7
_cTEXL
_2CC
999 _c154240
_d154240